00623nam a2200181Ia 4500952012800000999001700128003000400145005001700149008004100166040000900207082001900216100002500235245005700260260004600317300000900363650002500372942004400397 00102ddc40708LITaMESbMEScMALd2019-02-20g55.00l0o894.812 VEN/Pp24457r2019-02-20 00:00:00w2019-02-20yBKzGR1R4 c27851d27851OSt20210101150555.0190216s9999||||xx |||||||||||||| ||und|| coclc a894.812bVEN/P aVenugopalan, T98089 0aPrabashakande Vimarshana Sahithyam /cT Venugopalan  bVagbhava Publications,aKozhikode:c1995. a116p aSahithya Vimarshanam cBK2ddch894.812iVEN/Pk894.812mVEN/P